[Event "Sochi ChessAmateur op"]
[Site "Sochi"]
[Date "2018.04.05"]
[Round "7"]
[White "Maratkanov, Evgeny"]
[Black "Kuryshkin, Anatoliy"]
[Result "0-1"]
[WhiteElo "2118"]
[BlackElo "1962"]
[PlyCount "114"]
[EventDate "2018.04.01"]
[EventType "swiss"]
[EventRounds "9"]
[EventCountry "RUS"]
[SourceTitle "CBM 184 Extra"]
[Source "ChessBase"]
[SourceDate "2018.06.28"]
[SourceVersion "1"]
[SourceVersionDate "2018.06.28"]
[SourceQuality "1"]

1. Nf3 d5 2. d4 Nf6 3. c4 e6 4. g3 Nbd7 5. Bg2 dxc4 6. Qa4 a6 7. Qxc4 b5 8. Qc2 Bb7 9. 0-0 c5 10. dxc5 Bxc5 11. e3 Rc8 12. Qe2 0-0 13. b3 Qb6 14. Bb2 Rfd8 15. Nc3 Ne4 16. Nxe4 Bxe4 17. Ng5 Bg6 18. Ne4 Be7 19. Bd4 Qb8 20. f4 Nc5 21. Nxc5 Bxc5 22. Bxc5 Rxc5 23. e4 Rdc8 24. Rad1 Bh5 25. Bf3 Rc2 26. Rd2 Qb6+ 27. Kg2 Rxd2 28. Qxd2 Rd8 29. Qf2 Bxf3+ 30. Qxf3 Qd4 31. e5 Kf8 32. Rf2 Rd5 33. Rc2 g6 34. h4 h5 35. Kh3 Kg7 36. g4 Qd3 37. Rc3 hxg4+ 38. Kxg4 Qf5+ 39. Kg3 b4 40. Re3 Qb1 41. Qf2 Qh1 42. Qe1 Qxe1+ 43. Rxe1 Rd2 44. Ra1 a5 45. Kf3 Rh2 46. a3 Rh3+ 47. Ke4 Rxb3 48. axb4 Rxb4+ 49. Kf3 a4 50. Ke3 Kh6 51. Rc1 a3 52. Ra1 Rb3+ 53. Kd4 Kh5 54. Kc5 Kg4 55. Kd6 Kxf4 56. Ke7 Rb7+ 57. Kf6 Ra7 0-1

[Event "Sochi ChessAmateur op"]
[Site "Sochi"]
[Date "2018.04.02"]
[Round "3"]
[White "Iljin, Timofey"]
[Black "Maratkanov, Evgeny"]
[Result "1-0"]
[WhiteElo "2284"]
[BlackElo "2118"]
[PlyCount "129"]
[EventDate "2018.04.01"]
[EventType "swiss"]
[EventRounds "9"]
[EventCountry "RUS"]
[SourceTitle "CBM 184 Extra"]
[Source "ChessBase"]
[SourceDate "2018.06.28"]
[SourceVersion "1"]
[SourceVersionDate "2018.06.28"]
[SourceQuality "1"]

1. d4 d5 2. c4 c6 3. Nc3 Nf6 4. Nf3 dxc4 5. g3 Bf5 6. Ne5 Nbd7 7. Nxc4 e6 8. Bg2 Nb6 9. Ne5 h6 10. e4 Bh7 11. 0-0 Be7 12. Be3 0-0 13. Qe2 Nbd7 14. Nd3 b5 15. f3 Qa5 16. a3 Rac8 17. b4 Qc7 18. Rac1 Qb8 19. Bf4 Qb6 20. Be3 Qb8 21. Nb1 a5 22. Nd2 a4 23. f4 Nb6 24. Ne5 Qb7 25. Rc3 Rc7 26. Rfc1 Rfc8 27. Bf2 Nfd7 28. Nef3 Nf6 29. Ne5 Nfd7 30. Nd3 Bf8 31. g4 Bd6 32. Bg3 Nb8 33. Nc5 Qa7 34. f5 Bxg3 35. Rxg3 Re7 36. fxe6 fxe6 37. g5 hxg5 38. Bh3 Rce8 39. Nf3 N8d7 40. Nxg5 Nf8 41. Rf1 Nbd7 42. Rgf3 Nxc5 43. dxc5 Bg6 44. Qf2 Nd7 45. Qg3 Bh5 46. R3f2 Nf6 47. Nxe6 Rxe6 48. Bxe6+ Rxe6 49. Rxf6 Rxf6 50. Rxf6 Qe7 51. e5 Be8 52. h4 Kh8 53. Rf2 Bf7 54. Qf4 Kg8 55. Qg5 Qd7 56. Kh2 Bd5 57. h5 Qe6 58. h6 Qxh6+ 59. Qxh6 gxh6 60. Rf6 Kg7 61. Kg3 Be4 62. Kf4 Bg2 63. Rd6 Kf7 64. Rxh6 Ke7 65. e6 1-0

[Event "Voronezh op-B 21st"]
[Site "Voronezh"]
[Date "2017.06.18"]
[Round "7"]
[White "Kondaurov, Yury Viktorovich"]
[Black "Maratkanov, Evgeny"]
[Result "1-0"]
[WhiteElo "2046"]
[BlackElo "2145"]
[PlyCount "95"]
[EventDate "2017.06.12"]
[EventType "swiss"]
[EventRounds "9"]
[EventCountry "RUS"]
[SourceTitle "CBM 179 Extra"]
[Source "ChessBase"]
[SourceDate "2017.08.23"]
[SourceVersion "1"]
[SourceVersionDate "2017.08.23"]
[SourceQuality "1"]

1. Nf3 d5 2. g3 c5 3. c4 Nf6 4. Bg2 Nc6 5. 0-0 e5 6. cxd5 Nxd5 7. Nc3 Nc7 8. b3 Be7 9. Bb2 Be6 10. Rc1 f6 11. e3 Qd7 12. Na4 e4 13. Ne1 Bg4 14. Qc2 Be2 15. Qxe4 Bxf1 16. Kxf1 0-0 17. d3 Na6 18. Ba3 Ncb4 19. Qxb7 Rad8 20. Qe4 Rfe8 21. Qc4+ Kh8 22. Rd1 Qf5 23. g4 Qe5 24. Kg1 Bd6 25. Bxb4 Nxb4 26. a3 Na2 27. Qc2 Qxh2+ 28. Kf1 Qh4 29. Bf3 Qh3+ 30. Ke2 f5 31. gxf5 Qxf5 32. Qxa2 g5 33. Qb2+ Be5 34. Qc2 Rf8 35. Qc4 h5 36. Qe4 Qf6 37. Kd2 g4 38. Be2 c4 39. bxc4 Rfe8 40. Qh1 Qg5 41. Rb1 Rb8 42. Rxb8 Rxb8 43. Qe4 Bg7 44. d4 Qa5+ 45. Nc3 Rb2+ 46. Nc2 Qxa3 47. Qe8+ Kh7 48. Bd3+ 1-0

[Event "Voronezh op-B 21st"]
[Site "Voronezh"]
[Date "2017.06.13"]
[Round "2"]
[White "Maratkanov, Evgeny"]
[Black "Natarov, Ilya"]
[Result "1/2-1/2"]
[WhiteElo "2145"]
[BlackElo "1881"]
[PlyCount "111"]
[EventDate "2017.06.12"]
[EventType "swiss"]
[EventRounds "9"]
[EventCountry "RUS"]
[SourceTitle "CBM 179 Extra"]
[Source "ChessBase"]
[SourceDate "2017.08.23"]
[SourceVersion "1"]
[SourceVersionDate "2017.08.23"]
[SourceQuality "1"]

1. Nf3 d5 2. g3 c6 3. Bg2 Nf6 4. c4 dxc4 5. Qc2 b5 6. b3 cxb3 7. axb3 Bb7 8. 0-0 e6 9. d4 Nbd7 10. Ne1 Be7 11. Nd3 0-0 12. Ba3 a5 13. Bxe7 Qxe7 14. Nd2 Nd5 15. Bxd5 cxd5 16. Qc7 Bc8 17. Rxa5 Rxa5 18. Qxa5 e5 19. dxe5 Nxe5 20. Nxe5 Qxe5 21. Qxb5 Bg4 22. Nf3 Bxf3 23. exf3 Rb8 24. Qd3 Qb2 25. Rb1 Qa2 26. Re1 Qa5 27. Re7 g6 28. Rd7 Rd8 29. Rxd8+ Qxd8 30. Qd4 Qd7 31. b4 h5 32. Kf1 Qf5 33. Ke2 Qc2+ 34. Ke3 Qc1+ 35. Qd2 Qc4 36. Qd4 Qc1+ 37. Ke2 Qc2+ 38. Kf1 Qf5 39. Kg2 Qd7 40. g4 hxg4 41. fxg4 Kh7 42. h4 f5 43. g5 f4 44. Qxf4 d4 45. Qe4 d3 46. h5 d2 47. Qxg6+ Kh8 48. Qf6+ Kg8 49. Qg6+ Kf8 50. Qf6+ Ke8 51. Qh8+ Ke7 52. Qf6+ Ke8 53. Qh8+ Ke7 54. Qf6+ Ke8 55. Qh8+ Ke7 56. Qf6+ 1/2-1/2

[Event "Voronezh op-B 20th"]
[Site "Voronezh"]
[Date "2016.06.20"]
[Round "8"]
[White "Maratkanov, Evgeny"]
[Black "Moshkin, Mikhail"]
[Result "1/2-1/2"]
[WhiteElo "2172"]
[BlackElo "1746"]
[PlyCount "96"]
[EventDate "2016.06.12"]
[EventType "swiss"]
[EventRounds "9"]
[EventCountry "RUS"]
[SourceTitle "EXT 2017"]
[Source "ChessBase"]
[SourceDate "2016.10.25"]
[SourceVersion "1"]
[SourceVersionDate "2016.10.25"]
[SourceQuality "1"]

1. Nf3 Nf6 2. c4 c5 3. d4 cxd4 4. Nxd4 Nc6 5. Nc3 d6 6. e4 e6 7. Be2 Be7 8. 0-0 0-0 9. Be3 a6 10. f3 Qc7 11. Rc1 Nxd4 12. Bxd4 Bd7 13. Qe1 Bc6 14. Qf2 Nd7 15. Rfd1 Rab8 16. Qg3 Nf6 17. Bxf6 Bxf6 18. Qxd6 Qb6+ 19. c5 Qxb2 20. Qd3 Rbd8 21. Qe3 Rxd1+ 22. Bxd1 Bd4 23. Qxd4 Qxc1 24. Kf2 Qg5 25. Qe3 Qh4+ 26. Kg1 Rd8 27. Bb3 Qf6 28. e5 Qe7 29. f4 Qd7 30. f5 Qd4 31. Qxd4 Rxd4 32. fxe6 fxe6 33. Bxe6+ Kf8 34. Kf2 Rd2+ 35. Ke3 Rxg2 36. h3 Rg3+ 37. Kd4 Ke7 38. Bc8 Kd8 39. Be6 Bd7 40. Bd5 Kc7 41. Bf7 Rxc3 42. Kxc3 Bxh3 43. Kd4 Bg2 44. Bh5 g6 45. Be2 Kd7 46. Bg4+ Ke7 47. Ke3 h5 48. Bc8 Bd5 1/2-1/2

[Event "Voronezh op-B 20th"]
[Site "Voronezh"]
[Date "2016.06.19"]
[Round "7"]
[White "Maratkanov, Evgeny"]
[Black "Stepanischev, Gregory"]
[Result "0-1"]
[WhiteElo "2172"]
[BlackElo "1844"]
[PlyCount "76"]
[EventDate "2016.06.12"]
[EventType "swiss"]
[EventRounds "9"]
[EventCountry "RUS"]
[SourceTitle "EXT 2017"]
[Source "ChessBase"]
[SourceDate "2016.10.25"]
[SourceVersion "1"]
[SourceVersionDate "2016.10.25"]
[SourceQuality "1"]

1. Nf3 Nf6 2. c4 g6 3. Nc3 Bg7 4. e4 d6 5. d4 0-0 6. Be2 Nc6 7. d5 Nb8 8. 0-0 Nbd7 9. Qc2 a5 10. Rb1 Nc5 11. b3 h6 12. a3 e5 13. b4 axb4 14. axb4 Ncxe4 15. Nxe4 Nxe4 16. Bd3 Nf6 17. Nd2 Nh5 18. Rd1 f5 19. f3 Qh4 20. Bb2 Ra2 21. Nb3 e4 22. Bf1 Rxb2 23. Rxb2 Bxb2 24. Qxb2 exf3 25. gxf3 Re8 26. Qf2 Qg5+ 27. Kh1 Qe3 28. Qxe3 Rxe3 29. Nd4 Ra3 30. Nb5 Rxf3 31. Nxc7 Nf6 32. Nb5 Ne4 33. Bg2 Rb3 34. Bxe4 fxe4 35. Rg1 Bh3 36. Nxd6 e3 37. Nxb7 e2 38. Re1 Rf3 0-1

[Event "Voronezh op-B 20th"]
[Site "Voronezh"]
[Date "2016.06.13"]
[Round "2"]
[White "Palkovich, Denis"]
[Black "Maratkanov, Evgeny"]
[Result "1/2-1/2"]
[WhiteElo "2131"]
[BlackElo "2172"]
[PlyCount "61"]
[EventDate "2016.06.12"]
[EventType "swiss"]
[EventRounds "9"]
[EventCountry "RUS"]
[SourceTitle "EXT 2017"]
[Source "ChessBase"]
[SourceDate "2016.10.25"]
[SourceVersion "1"]
[SourceVersionDate "2016.10.25"]
[SourceQuality "1"]

1. e4 e6 2. d4 d5 3. exd5 exd5 4. Bd3 Bd6 5. Nf3 Nf6 6. Qe2+ Qe7 7. Qxe7+ Bxe7 8. Bf4 c6 9. 0-0 0-0 10. Re1 Re8 11. Nbd2 Bg4 12. Ne5 Bh5 13. Re3 Nbd7 14. Nxd7 Nxd7 15. Rae1 Kf8 16. Rxe7 Rxe7 17. Bd6 Rae8 18. f4 Nb6 19. h3 h6 20. Kf2 Nc8 21. Bxe7+ Rxe7 22. Rxe7 Kxe7 23. c3 f6 24. Nf3 Bxf3 25. Kxf3 Nd6 26. Ke3 Ke6 27. Kf3 Ke7 28. Ke3 Ke6 29. Kf3 Ke7 30. Ke3 Ke6 31. Kf3 1/2-1/2

[Event "Voronezh op-B 19th"]
[Site "Voronezh"]
[Date "2015.06.13"]
[Round "2"]
[White "Maratkanov, Evgeny"]
[Black "Zharkikh, Sergey"]
[Result "1-0"]
[WhiteElo "2198"]
[BlackElo "1855"]
[PlyCount "103"]
[EventDate "2015.06.12"]
[EventType "swiss"]
[EventRounds "9"]
[EventCountry "RUS"]
[SourceTitle "CBM 167 Extra"]
[Source "ChessBase"]
[SourceDate "2015.09.14"]
[SourceVersion "1"]
[SourceVersionDate "2015.09.14"]
[SourceQuality "1"]

1. d4 d5 2. Nf3 Nf6 3. c4 c6 4. g3 Bg4 5. Bg2 e6 6. 0-0 Bd6 7. Qb3 b6 8. Nc3 Nbd7 9. Re1 0-0 10. Nd2 Rc8 11. e4 dxe4 12. Ndxe4 Nxe4 13. Nxe4 Be7 14. Be3 Nf6 15. Nc3 c5 16. d5 exd5 17. cxd5 Bd6 18. Qa4 Qd7 19. Qxd7 Bxd7 20. Bg5 Rfe8 21. Bxf6 gxf6 22. f4 f5 23. Rxe8+ Rxe8 24. Bf1 Kf8 25. a4 Rb8 26. Bd3 a5 27. Rd1 Kg7 28. Bb5 Rd8 29. b3 Bxb5 30. Nxb5 Rd7 31. Na3 Bc7 32. Nc4 Kf6 33. Kg2 h5 34. Kf3 Kg7 35. d6 Bb8 36. Ke2 Kf6 37. Nxb6 Rd8 38. Nc4 Ke6 39. Nxa5 Rxd6 40. Rxd6+ Kxd6 41. Kd3 Kd5 42. Nc4 h4 43. Ne3+ Ke6 44. Ng2 hxg3 45. hxg3 Ba7 46. Kc4 f6 47. Ne3 Bb6 48. Kb5 Ba7 49. Kc6 c4 50. Nxc4 Bf2 51. Nb2 Bxg3 52. Nd3 1-0

[Event "EU-Cup 27th"]
[Site "Rogaska Slatina"]
[Date "2011.09.29"]
[Round "5"]
[White "Maratkanov, Evgeny"]
[Black "Burcu, Cagatay"]
[Result "0-1"]
[WhiteElo "2201"]
[BlackElo "1899"]
[PlyCount "60"]
[EventDate "2011.09.25"]
[EventType "team-swiss"]
[EventRounds "7"]
[EventCountry "SLO"]
[SourceTitle "CBM 145"]
[Source "ChessBase"]
[SourceDate "2011.11.11"]
[SourceVersion "1"]
[SourceVersionDate "2011.11.11"]
[SourceQuality "1"]
[WhiteTeam "Shtrafbat"]
[BlackTeam "Yapo Kredi"]
[WhiteTeamCountry "UKR"]
[BlackTeamCountry "TUR"]

1. c4 c6 2. e4 d5 3. exd5 cxd5 4. d4 Nf6 5. Nf3 Nc6 6. Be2 Bg4 7. 0-0 dxc4 8. Qa4 Rc8 9. Nc3 e6 10. h3 Bxf3 11. Bxf3 Qxd4 12. Nb5 Qd7 13. Rd1 Nd5 14. Bf4 Ncb4 15. Bxd5 Nxd5 16. Rxd5 exd5 17. Re1+ Kd8 18. Qa5+ b6 19. Qa6 Bc5 20. Rd1 Re8 21. Nc3 Ke7 22. Rxd5 Qc6 23. Qxa7+ Kf8 24. Rd1 b5 25. Qxc5+ Qxc5 26. Bd6+ Qxd6 27. Rxd6 Re1+ 28. Kh2 b4 29. Na4 c3 30. bxc3 bxc3 0-1

[Event "EU-Cup 26th"]
[Site "Plovdiv"]
[Date "2010.10.23"]
[Round "7.6"]
[White "Van Ketel, Raoul"]
[Black "Maratkanov, Evgeny"]
[Result "1-0"]
[WhiteElo "2266"]
[BlackElo "2186"]
[PlyCount "59"]
[EventDate "2010.10.17"]
[EventType "team-swiss"]
[EventRounds "7"]
[EventCountry "BUL"]
[SourceTitle "CBM 139"]
[Source "ChessBase"]
[SourceDate "2010.11.18"]
[SourceVersion "1"]
[SourceVersionDate "2010.11.18"]
[SourceQuality "1"]
[WhiteTeam "Leiden LSG"]
[BlackTeam "Lugansk"]
[WhiteTeamCountry "NED"]
[BlackTeamCountry "UKR"]

1. d4 d5 2. c4 c6 3. Nc3 Nf6 4. e3 a6 5. Nf3 b5 6. b3 Bg4 7. h3 Bxf3 8. gxf3 e6 9. c5 e5 10. dxe5 Nfd7 11. f4 Bxc5 12. Rg1 g6 13. Bb2 Qa5 14. Qd2 Ba3 15. 0-0-0 Bxb2+ 16. Qxb2 b4 17. Na4 0-0 18. Qd4 Rc8 19. Kb1 Qd8 20. f5 Qe8 21. f4 a5 22. h4 Kf8 23. Bh3 Rd8 24. e6 Ke7 25. exd7 Nxd7 26. fxg6 hxg6 27. e4 Nf8 28. f5 gxf5 29. exf5 Kd6 30. Rge1 1-0

[Event "EU-Cup 26th"]
[Site "Plovdiv"]
[Date "2010.10.19"]
[Round "3.6"]
[White "Maratkanov, Evgeny"]
[Black "Kaniansky, Miroslav"]
[Result "1-0"]
[WhiteElo "2186"]
[BlackElo "2205"]
[PlyCount "75"]
[EventDate "2010.10.17"]
[EventType "team-swiss"]
[EventRounds "7"]
[EventCountry "BUL"]
[SourceTitle "CBM 139"]
[Source "ChessBase"]
[SourceDate "2010.11.18"]
[SourceVersion "1"]
[SourceVersionDate "2010.11.18"]
[SourceQuality "1"]
[WhiteTeam "Lugansk"]
[BlackTeam "Prievidza"]
[WhiteTeamCountry "UKR"]
[BlackTeamCountry "SVK"]

1. Nf3 d5 2. g3 Nf6 3. Bg2 g6 4. b3 Bg7 5. Bb2 c5 6. 0-0 0-0 7. d3 Nc6 8. Nbd2 Qc7 9. e3 e5 10. e4 d4 11. a4 Rb8 12. Qe2 Ne8 13. Nc4 b6 14. Ne1 Nd6 15. f4 f6 16. Bc1 a6 17. h4 b5 18. Nxd6 Qxd6 19. f5 gxf5 20. exf5 Ne7 21. g4 Nd5 22. Nf3 Nc3 23. Qe1 Bb7 24. Nd2 Bxg2 25. Kxg2 Qc6+ 26. Ne4 bxa4 27. bxa4 Nxa4 28. Kh3 c4 29. Ba3 Rfd8 30. Be7 Rd7 31. Bxf6 cxd3 32. Bxg7 Kxg7 33. Ng5 Rd5 34. f6+ Kf8 35. Qe4 Qd7 36. Nxh7+ Kf7 37. Ng5+ Kf8 38. Qg6 1-0

[Event "EU-Cup 26th"]
[Site "Plovdiv"]
[Date "2010.10.18"]
[Round "2.6"]
[White "Christensen, Esben"]
[Black "Maratkanov, Evgeny"]
[Result "1/2-1/2"]
[WhiteElo "2071"]
[BlackElo "2186"]
[PlyCount "84"]
[EventDate "2010.10.17"]
[EventType "team-swiss"]
[EventRounds "7"]
[EventCountry "BUL"]
[SourceTitle "CBM 139"]
[Source "ChessBase"]
[SourceDate "2010.11.18"]
[SourceVersion "1"]
[SourceVersionDate "2010.11.18"]
[SourceQuality "1"]
[WhiteTeam "Bronshoj"]
[BlackTeam "Lugansk"]
[WhiteTeamCountry "DEN"]
[BlackTeamCountry "UKR"]

1. e4 e6 2. Nf3 d5 3. Nc3 dxe4 4. Nxe4 Bd7 5. d4 Bc6 6. Bd3 Nd7 7. 0-0 Ngf6 8. Qe2 Be7 9. Re1 0-0 10. c3 Nxe4 11. Bxe4 Bxe4 12. Qxe4 c6 13. Bf4 Re8 14. Ne5 Nf6 15. Qf3 Qb6 16. Bg5 Rad8 17. Re2 Qb5 18. Rae1 Qd5 19. b3 Qxf3 20. Nxf3 h6 21. Bc1 Nd5 22. Bb2 Bf6 23. g3 g6 24. h4 Ne7 25. Kg2 Rd5 26. Nd2 Bg7 27. Ne4 Ra5 28. Bc1 b6 29. Nd6 Rf8 30. Nc4 Rd5 31. Ba3 Rd7 32. Ne5 Bxe5 33. Rxe5 Rfd8 34. Bxe7 Rxe7 35. a4 a5 36. f4 Red7 37. h5 Kg7 38. hxg6 Kxg6 39. f5+ exf5 40. Rf1 f6 41. Rexf5 Rd6 42. g4 Re8 1/2-1/2

[Event "UKR-chT 17th"]
[Site "Alushta"]
[Date "2010.05.16"]
[Round "6.3"]
[White "Maratkanov, Evgeny"]
[Black "Prihodko, Alexander"]
[Result "1-0"]
[WhiteElo "2188"]
[BlackElo "2287"]
[PlyCount "103"]
[EventDate "2010.05.13"]
[EventType "team-tourn"]
[EventRounds "11"]
[EventCountry "UKR"]
[SourceTitle "EXT 2019"]
[Source "ChessBase"]
[SourceDate "2018.10.10"]
[SourceVersion "1"]
[SourceVersionDate "2018.10.10"]
[SourceQuality "1"]
[WhiteTeam "Luhansk LugPokerChess"]
[BlackTeam "Donetsk Adel"]
[WhiteTeamCountry "UKR"]
[BlackTeamCountry "UKR"]

1. c4 e5 2. d3 Nc6 3. Nf3 f5 4. g3 Nf6 5. Bg2 Bb4+ 6. Bd2 Bxd2+ 7. Qxd2 d6 8. 0-0 0-0 9. Nc3 Bd7 10. Rab1 a5 11. b3 Qe8 12. a3 h6 13. b4 axb4 14. axb4 e4 15. dxe4 fxe4 16. Nd4 Qg6 17. Ndb5 Rac8 18. Nd5 Nxd5 19. cxd5 Ne5 20. Nc3 Bf5 21. Rbc1 Ng4 22. Qd4 Rfe8 23. h3 Nf6 24. g4 Bd7 25. f4 exf3 26. exf3 h5 27. Qd2 Re7 28. Rf2 Rce8 29. g5 Nh7 30. h4 Nf8 31. Bf1 Qf5 32. Ne4 Bc8 33. Ng3 Qf7 34. f4 Ng6 35. f5 Ne5 36. Be2 Ng4 37. Bxg4 hxg4 38. Qd4 Re5 39. Qxg4 Rxd5 40. g6 Qf6 41. Qh5 c6 42. Qh7+ Kf8 43. Nh5 Qd4 44. Qh8+ Ke7 45. Qxg7+ Qxg7 46. Nxg7 Rf8 47. Rcf1 Rf6 48. h5 Kf8 49. h6 Rd4 50. Ne6+ Bxe6 51. fxe6 Rg4+ 52. Rg2 1-0

[Event "Kharkov Caissa op"]
[Site "Kharkov"]
[Date "2002.01.22"]
[Round "1"]
[White "Solodovnichenko, Yuri"]
[Black "Maratkanov, Evgeny"]
[Result "1-0"]
[WhiteElo "2446"]
[BlackElo "2116"]
[PlyCount "27"]
[EventDate "2002.01.22"]
[EventType "swiss"]
[EventRounds "9"]
[EventCountry "UKR"]
[SourceTitle "CBM 086 Extra"]
[Source "ChessBase"]
[SourceDate "2002.03.14"]
[SourceVersion "1"]
[SourceVersionDate "2002.03.14"]
[SourceQuality "1"]

1. Nf3 d5 2. g3 c5 3. c4 Nf6 4. cxd5 Nxd5 5. Bg2 Nc6 6. 0-0 e5 7. Nc3 Nc7 8. d3 Be7 9. Be3 Be6 10. Rc1 f6 11. Nd2 Qd7 12. Qa4 Nd4 13. Bxd4 cxd4 14. Bxb7 1-0

[Event "Kharkov Caissa op"]
[Site "Kharkov"]
[Date "2000.02.29"]
[Round "4"]
[White "Kolpakchi, Vladimir"]
[Black "Maratkanov, Evgeny"]
[Result "1-0"]
[WhiteElo "2285"]
[BlackElo "2140"]
[PlyCount "87"]
[EventDate "2000.01.27"]
[EventType "swiss"]
[EventRounds "9"]
[EventCountry "UKR"]
[SourceTitle "EXT 2001"]
[Source "ChessBase"]
[SourceDate "2000.11.22"]
[SourceVersion "1"]
[SourceVersionDate "2000.11.22"]
[SourceQuality "1"]

1. d4 d5 2. c4 c6 3. Nf3 Nf6 4. Nc3 dxc4 5. a4 Bf5 6. e3 e6 7. a5 Bb4 8. Qa4 Qe7 9. Bxc4 0-0 10. 0-0 Rd8 11. Ne5 Bd6 12. Qb3 c5 13. Nb5 cxd4 14. exd4 a6 15. Nxd6 Rxd6 16. Bg5 Rxd4 17. Rad1 Rxd1 18. Rxd1 Nc6 19. Nxc6 bxc6 20. Qb6 h6 21. Bxf6 Qxf6 22. Bxa6 Qe5 23. Ra1 Be4 24. Re1 Rb8 25. Rxe4 Rxb6 26. Rxe5 Rxa6 27. Kf1 Kf8 28. Ke2 Ke7 29. b4 Kd6 30. Rc5 Ra8 31. Kd3 Ra6 32. Kc4 Ra7 33. Kb3 Ra8 34. Rc2 Rb8 35. Kc4 Kc7 36. Ra2 Kb7 37. Kc5 Ka6 38. Rd2 Rb5+ 39. Kc4 Rd5 40. Rxd5 exd5+ 41. Kc5 Kb7 42. f4 g6 43. g4 Ka6 44. Kxc6 1-0